CDMA : principles of spread spectrum communication (Record no. 8236)
[ view plain ]
| 000 -LEADER | |
|---|---|
| fixed length control field | 01971 a2200169 4500 |
| 020 ## - INTERNATIONAL STANDARD BOOK NUMBER | |
| International Standard Book Number | 0201633744 |
| 040 ## - CATALOGING SOURCE | |
| Original cataloging agency | DLC |
| Language of cataloging | DLC |
| 082 ## - DEWEY DECIMAL CLASSIFICATION NUMBER | |
| Classification number | 621.382 |
| 100 1# - MAIN ENTRY--PERSONAL NAME | |
| Personal name | Viterbi, Andrew J. |
| 245 10 - TITLE STATEMENT | |
| Title | CDMA : principles of spread spectrum communication |
| Remainder of title | principles of spread spectrum communication |
| Statement of responsibility, etc. | Andrew J. Viterbi. |
| 260 ## - PUBLICATION, DISTRIBUTION, ETC. | |
| Place of publication, distribution, etc. | Reading, Mass. : |
| Name of publisher, distributor, etc. | Addison-Wesley Pub. Co., |
| Date of publication, distribution, etc. | c1995. |
| 300 ## - PHYSICAL DESCRIPTION | |
| Extent | xix, 245 p. : |
| Other physical details | ill. ; |
| Dimensions | 24 cm. |
| 440 #0 - SERIES STATEMENT/ADDED ENTRY--TITLE | |
| Title | Addison-Wesley wireless communications series. |
| 520 1# - SUMMARY, ETC. | |
| Summary, etc. | "Spread spectrum multiple access communication, known commercially as CDMA (Code Division Multiple Access), is a driving technology behind the rapidly advancing personal communications industry. Its greater bandwidth efficiency and multiple access capabilities make it the leading technology for relieving spectrum congestion caused by the explosion in popularity of cellular mobile and fixed wireless telephones and wireless data terminals."--BK JACKET. "Written by a leader in the creation of CDMA and an internationally recognized authority on wireless digital communication, this book gives you the technical information you need. It presents the fundamentals of digital communications and covers all aspects of commercial direct-sequence spread spectrum technology, incorporating both physical-level principles and network concepts. You will find detailed information on signal generation, synchronization, modulation, and coding of direct-sequence spread spectrum signals. In addition, the book shows how these physical layer functions relate to link and network properties involving cellular coverage, Erlang capacity, and network control."--BK JACKET. "With this book, you will attain a deeper understanding of personal communications system concepts and will be better equipped to develop systems and products at the forefront of the personal wireless communications market."--BK JACKET. |
| 650 #0 - SUBJECT ADDED ENTRY--TOPICAL TERM | |
| Topical term or geographic name entry element | Code division multiple access. |
| 942 ## - ADDED ENTRY ELEMENTS (KOHA) | |
| Koha item type | Book |
| Call number prefix | 621.382 VIT |
| Source of classification or shelving scheme | |
| Withdrawn status | Lost status | Damaged status | Not for loan | Collection code | Permanent Location | Current Location | Shelving location | Date acquired | Source of acquisition | Cost, normal purchase price | Total Checkouts | Full call number | Barcode | Date last seen | Date last checked out | Price effective from | Koha item type |
|---|---|---|---|---|---|---|---|---|---|---|---|---|---|---|---|---|---|
| Central Library (CL) | Central Library (CL) | General Stacks | 03/08/2006 | Academic Book Company | 4164.32 | 1 | 621.382 VIT | SEECS007071 | 02/18/2014 | 01/20/2014 | 01/05/2017 | Book |
